Capitalismo monopólico e involución autoritaria: algunos comentarios sobre la teoría neoconservadora de la democracia
Analiza los elementos de la actual crisis del capitalismo - Destaca que la nueva crisis acontece en un coyuntura histórica en la cual la correlación mundial de fuerzas entre revolución y contrarrevolución, entre socialismo y capitalismo, se ha modificado a favor del primer término de la contradicció...
Gardado en:
| Autor Principal: | |
|---|---|
| Formato: | Texto |
| Publicado: |
México:
UNAM
|
| Etiquetas: |
Engadir etiqueta
Sen Etiquetas, Sexa o primeiro en etiquetar este rexistro!
|
MARC
| LEADER | 00000 a a2200000 04500 | ||
|---|---|---|---|
| 001 | 20588 | ||
| 003 | |||
| 040 | |||
| 090 | |a 086800 | ||
| 100 | |a Boron, Atilio A | ||
| 245 | |a Capitalismo monopólico e involución autoritaria: algunos comentarios sobre la teoría neoconservadora de la democracia | ||
| 260 | |a México: |b UNAM | ||
| 300 | |a 18 p. | ||
| 520 | |a Analiza los elementos de la actual crisis del capitalismo - Destaca que la nueva crisis acontece en un coyuntura histórica en la cual la correlación mundial de fuerzas entre revolución y contrarrevolución, entre socialismo y capitalismo, se ha modificado a favor del primer término de la contradicción. Reflexiona entorno a la crisis del capitalismo y más particularmente del liberalismo, ideología que por más de dos siglos le acompañara y legitimara. Da importancia a los cambios experimentados por la ideología liberal a medida que se alteraba la anatomía de la sociedad burguesa, especialmente a partir de la primera guerra mundial al acelerarse el proceso de concentración monopolica. Se refiere a la elaboración de una teoría neoconservadora de la "democracia autoritaria" | ||
| 999 | |c 16515 |d 16515 | ||
